Porez na dodanu vrijednost u praksi
Uložené v:
| Hlavný autor: | |
|---|---|
| Médium: | Kniha |
| Jazyk: | Croatian |
| Vydavateľské údaje: |
Zagreb
Inženjerski biro
1997
|
| Vydanie: | 2. dopunjeno izd. |
| Predmet: | |
| Tagy: |
Žiadne tagy, Buďte prvý, kto otaguje tento záznam!
|
MARC
| LEADER | 00000nam a2200000 4500 | ||
|---|---|---|---|
| 001 | c119836 | ||
| 005 | 20221124074849.0 | ||
| 020 | |a 953-6447-13-4 | ||
| 041 | 0 | |a hrv | |
| 044 | |a HR | ||
| 245 | 1 | 0 | |a Porez na dodanu vrijednost u praksi |c Zdravka Barac ... [et al.] |
| 250 | |a 2. dopunjeno izd. | ||
| 264 | 1 | |a Zagreb |b Inženjerski biro |c 1997 | |
| 300 | |a 258 s. | ||
| 610 | 2 | 0 | |a dane z hodnoty pridanej |
| 610 | 2 | 0 | |a Chorvátsko |
| 610 | 2 | 0 | |a zákony |
| 610 | 2 | 0 | |a obchod |
| 610 | 2 | 0 | |a legislatíva |
| 100 | 1 | |a Barac, Zdravka | |